Artisti dalle loro opere - Statistics

Statistiche generali
  • Questo quiz è stato fatto 719 volte
  • Il punteggio medio è 10 su 15
Statistiche sulle risposte
Opere Artisti % Corretto
Vergine delle Rocce, Uomo Vitruviano, Ultima Cena Leonardo da Vinci
98%
I mangiatori di patate, Campo di grano con volo di corvi, Notte stellata Vincent Van Gogh
94%
Schiavo Morente, Mosè, Giudizio Universale Michelangelo Buonarroti
91%
Il vecchio chitarrista cieco, Les demoiselles d'Avignon, Guernica Pablo Picasso
89%
Olympia, Colazione sull'erba, Il bar delle Folies-Bergère Édouard Manet
82%
Il ponte giapponese, La rue Montorgueil, Il parlamento di Londra Claude Monet
80%
Giuditta I, Ritratto di Adele Bloch-Bauer I, Il bacio Gustav Klimt
79%
Bacco, Vocazione di San Matteo, Sette opere di Misericordia Caravaggio
75%
La maja desnuda, 3 maggio 1808, Il sonno della ragione genera mostri Francisco Goya
70%
Giraffa in fiamma, La persistenza della memoria, Sogno causato dal volo di un'ape intorno a una melagrana un attimo prima del risveglio Salvador Dalí
70%
La libertà che guida il popolo, La barca di Dante, La furia di Medea Eugène Delacroix
59%
Bal au Moulin de la Galette, La colazione dei canottieri, La Parisienne Pierre-Auguste Renoir
58%
La morte di Socrate, Il giuramento degli Orazi, Napoleone I attraversa il Passo del San Bernardo Jacques-Louis David
47%
Gli spaccapietre, L'origine du monde, Uomo disperato Gustave Courbet
29%
Ulisse schernisce Polifemo, Didone costruisce Cartagine, La valorosa Téméraire trainata al suo ultimo ancoraggio per essere demolita, 1838 William Turner
22%
Nessun quiz corrispondente trovato
Distribuzione punteggi
Percentuale di utenti per punteggio
Percentile per numero di risposta
I tuoi punteggi nel tempo
Non hai fatto questo quiz